[Event "34th Chess Olympiad (women)"]
[Site "Istanbul"]
[Date "2000.11.07"]
[Round "10.1.1"]
[White "Zhukova, Natalia"]
[Black "Xie, Jun"]
[WhiteElo "2450"]
[BlackElo "2568"]
[WhiteCountry "UKR"]
[BlackCountry "CHN"]
[Result "1/2-1/2"]

1. d4 Nf6 2. c4 g6 3. Nc3 Bg7 4. e4 d6 5. f3 O-O 6. Bg5 c5 7. d5 e6 8. Qd2 exd5 
9. cxd5 a6 10. a4 h5 11. Nge2 Nbd7 12. Nc1 Qc7 13. Be2 Nh7 14. Bh6 Bxh6 
15. Qxh6 Rb8 16. O-O Ndf6 17. Qd2 Re8 18. Kh1 Kg7 19. Rb1 Nf8 
1/2-1/2

[Event "34th Chess Olympiad (women)"]
[Site "Istanbul"]
[Date "2000.11.07"]
[Round "10.1.3"]
[White "Sedina, Elena"]
[Black "Xu, Yuhua"]
[WhiteElo "2405"]
[BlackElo "2505"]
[WhiteCountry "UKR"]
[BlackCountry "CHN"]
[Result "1/2-1/2"]

1. e4 c5 2. Nf3 d6 3. c3 Nf6 4. Be2 Nbd7 5. Qc2 Qc7 6. d4 cxd4 7. Nxd4 a6 
8. O-O g6 9. c4 Bg7 10. Nc3 O-O 11. Be3 e6 12. Rac1 b6 13. Qd2 Bb7 14. f3 Rfd8 
15. Rfd1 Rac8 16. Kh1 Qb8 17. Bg5 Nc5 18. Qe3 Re8 19. Nc2 h5 20. Bf4 e5 
21. Bg3 Kh7 22. Rb1 Nfd7 23. Qd2 Bf8 24. Bf2 Qc7 25. Nb4 Qd8 26. Nbd5 Bc6 
27. Qc2 Ne6 28. b4 Bxd5 29. Nxd5 Bg7 30. a4 Nd4 31. Qa2 Rb8 32. Bf1 Nf8 
33. Ra1 a5 34. Rab1 Nd7 35. Qd2 Kg8 36. Rb2 Ra8 37. bxa5 bxa5 38. Rdb1 Nc5 
39. Qd1 Ra7 40. Be3 Qd7 41. Nc3 
1/2-1/2

[Event "34th Chess Olympiad (women)"]
[Site "Istanbul"]
[Date "2000.11.07"]
[Round "10.2.3"]
[White "Gurieli, Nino"]
[Black "Sasu-Ducsoara, Andreea"]
[WhiteElo "2373"]
[BlackElo "2229"]
[WhiteCountry "GEO"]
[BlackCountry "ROM"]
[Result "1-0"]

1. Nf3 c5 2. g3 Nc6 3. Bg2 g6 4. O-O Bg7 5. e4 e5 6. c3 Nge7 7. Na3 O-O 
8. Nc4 d6 9. a4 Be6 10. d3 h6 11. Nfd2 d5 12. exd5 Bxd5 13. Bxd5 Qxd5 
14. Ne4 b6 15. Bxh6 Rfd8 16. Bxg7 Kxg7 17. a5 Rab8 18. axb6 axb6 19. Ra6 Nc8 
20. Qf3 f5 21. Ng5 e4 22. Qf4 Rd7 23. Ne3 Qxd3 24. Rd1 Qxd1+ 25. Nxd1 Rxd1+ 
26. Kg2 N8e7 27. Ra7 Rc8 28. Rxe7+ Nxe7 29. Qe5+ Kf8 30. Qh8+ Ng8 31. Qh7 
1-0

[Event "34th Chess Olympiad (women)"]
[Site "Istanbul"]
[Date "2000.11.07"]
[Round "10.3.1"]
[White "Galliamova, Alisa"]
[Black "Peng, Zhaoqin"]
[WhiteElo "2526"]
[BlackElo "2403"]
[WhiteCountry "RUS"]
[BlackCountry "NED"]
[Result "1-0"]

1. d4 d5 2. c4 dxc4 3. e3 Nf6 4. Bxc4 c5 5. Nf3 e6 6. O-O Nc6 7. Qe2 cxd4 
8. Rd1 Be7 9. exd4 O-O 10. a3 Nd5 11. Nc3 Nxc3 12. bxc3 Bf6 13. Bd3 Bd7 
14. h4 Re8 15. Ng5 g6 16. g3 Bg7 17. h5 Na5 18. Nxh7 Kxh7 19. hxg6+ fxg6 
20. Qh5+ Kg8 21. Bxg6 Bc6 22. d5 exd5 23. Rd4 Re1+ 24. Kh2 
1-0

[Event "34th Chess Olympiad (women)"]
[Site "Istanbul"]
[Date "2000.11.07"]
[Round "10.3.2"]
[White "Sziva, Erika"]
[Black "Matveeva, Svetlana"]
[WhiteElo "2311"]
[BlackElo "2440"]
[WhiteCountry "NED"]
[BlackCountry "RUS"]
[Result "1/2-1/2"]

1. e4 e6 2. d4 d5 3. Nc3 Nf6 4. Bg5 Be7 5. e5 Nfd7 6. Bxe7 Qxe7 7. f4 O-O 
8. Nf3 c5 9. dxc5 Nc6 10. Qd2 f6 11. exf6 Qxf6 12. g3 Nxc5 13. Bd3 Bd7 
14. O-O Nxd3 15. cxd3 e5 16. Rae1 Bh3 17. Rf2 d4 18. Ne4 Qf5 19. Nxe5 Nxe5 
20. fxe5 Qxe5 21. Rxf8+ Rxf8 22. Nf2 Qh5 23. Nxh3 Qxh3 24. Qg5 Qf5 
25. Qxf5 Rxf5 26. Re4 Rc5 27. Kf2 Kf7 28. Re2 Kf6 29. g4 h5 30. gxh5 
1/2-1/2

[Event "34th Chess Olympiad (women)"]
[Site "Istanbul"]
[Date "2000.11.07"]
[Round "10.3.3"]
[White "Stepovaia, Tatiana"]
[Black "Lanchava, Tea"]
[WhiteElo "2414"]
[BlackElo "2000"]
[WhiteCountry "RUS"]
[BlackCountry "NED"]
[Result "0-1"]

1. e4 g6 2. d4 Bg7 3. Nf3 d6 4. Nc3 Nf6 5. Be3 a6 6. Qd2 Nc6 7. Bh6 Bxh6 
8. Qxh6 Bg4 9. O-O-O Qc8 10. h3 Bxf3 11. gxf3 b5 12. h4 b4 13. Ne2 Qb7 
14. Bh3 Qb5 15. Rhe1 Qh5 16. Qxh5 Nxh5 17. d5 Na5 18. Nd4 Nf4 19. Bf1 e5 
20. dxe6 fxe6 21. Re3 e5 22. Ne2 Rf8 23. a3 Nc6 24. axb4 Nxb4 25. c3 Nc6 
26. Kc2 Ke7 27. Ra1 Rfb8 28. Ng3 a5 29. b3 Nd8 30. Ree1 Nde6 31. Bc4 c6 
32. Bxe6 Nxe6 33. h5 Rf8 34. hxg6 hxg6 35. Re3 Ng5 36. Rh1 Rh8 37. Ree1 Nxf3 
38. Ra1 Rxh1 39. Rxh1 Ng5 40. Rh6 Kf7 41. Rh4 a4 42. bxa4 Rxa4 43. Kb3 Ra1 
44. Rh8 Ne6 45. Rh7+ Kf6 46. Kb2 Ra8 47. Rd7 Rd8 48. Ra7 Nc5 49. Kc2 Rb8 
50. Rc7 Rb6 51. f3 Ra6 52. Kd2 Ne6 53. Rd7 c5 54. Ne2 c4 55. Ke3 Nc5 
56. Rc7 Ra8 57. Rc6 Ke6 58. Rb6 Nd7 59. Rc6 Nc5 60. Rb6 Rc8 61. Rb4 Nd7 
62. Rb7 Rh8 63. Rc7 Nc5 64. Rg7 Kf6 65. Rc7 Rh3 66. Rc6 Ke6 67. Rb6 g5 
68. Ng1 Rh1 69. Kf2 Rh2+ 70. Kg3 Rc2 71. Nh3 Rxc3 72. Nxg5+ Kd7 73. Rb2 Nd3 
74. Rd2 Ra3 75. Nh3 Kc6 76. Ng1 Kc5 77. Ne2 Rb3 78. Rd1 Rb2 79. Nc3 Kd4 
0-1

[Event "34th Chess Olympiad (women)"]
[Site "Istanbul"]
[Date "2000.11.07"]
[Round "10.4.1"]
[White "Madl, Ildiko"]
[Black "Maric, Alisa"]
[WhiteElo "2418"]
[BlackElo "2435"]
[WhiteCountry "HUN"]
[BlackCountry "YUG"]
[Result "1/2-1/2"]

1. e4 e6 2. d4 d5 3. Nc3 Nf6 4. Bg5 dxe4 5. Nxe4 Be7 6. Bxf6 Bxf6 7. Nf3 Nd7 
8. Bd3 c5 9. Nxf6+ Qxf6 10. Qe2 cxd4 11. O-O-O O-O 12. Qe4 g6 13. Qxd4 Qxd4 
14. Nxd4 Nc5 15. Be2 Bd7 16. f4 Rae8 17. Bf3 e5 18. fxe5 Rxe5 19. Rhe1 Rfe8 
20. Rxe5 Rxe5 21. c4 a5 22. b3 Kf8 23. a3 b6 24. Kd2 Ke7 25. b4 Ne4+ 
26. Bxe4 Rxe4 27. Kd3 Re5 28. Nf3 Bf5+ 29. Kd2 Re4 30. Re1 axb4 31. axb4 Rxe1 
32. Nxe1 Kd6 33. Ke3 f6 34. Kd4 Bc8 35. Nc2 Bb7 36. Ne3 Ba8 37. g3 Bf3 
38. Nc2 Bg2 39. Ne3 Bf3 40. Nc2 Bg2 41. c5+ bxc5+ 42. bxc5+ Ke6 43. Nb4 
1/2-1/2

[Event "34th Chess Olympiad (women)"]
[Site "Istanbul"]
[Date "2000.11.07"]
[Round "10.4.3"]
[White "Gara, Anita"]
[Black "Prudnikova, Svetlana"]
[WhiteElo "2291"]
[BlackElo "2425"]
[WhiteCountry "HUN"]
[BlackCountry "YUG"]
[Result "1/2-1/2"]

1. e4 e6 2. d4 d5 3. Nc3 Nf6 4. Bg5 dxe4 5. Nxe4 Be7 6. Bxf6 gxf6 7. Nf3 a6 
8. Bc4 b5 9. Bb3 Bb7 10. Qe2 Nd7 11. O-O-O Nb6 12. Nc5 Bd5 13. Kb1 c6 
14. Rhe1 a5 15. Qe3 a4 16. Bxd5 Qxd5 17. Qh6 O-O-O 18. Ne4 Rhg8 19. Nxf6 Bxf6 
20. Qxf6 Rxg2 21. Ne5 Nd7 22. Nxd7 Rxd7 23. h4 Qf5 24. Qxf5 exf5 25. Rd2 Rh2 
26. c4 Rxh4 27. cxb5 Rhxd4 28. Rxd4 Rxd4 29. bxc6 Kc7 30. Kc2 Kxc6 31. Re7 Rf4 
32. Rxf7 Rxf2+ 33. Kc3 h5 34. Rh7 Kc5 35. Rxh5 Rf3+ 36. Kd2 Rf2+ 37. Kc3 Rf3+ 
38. Kd2 Rf2+ 39. Kc3 Rf3+ 40. Kd2 Kc4 41. Ke2 Rf4 42. Ke3 Rf1 43. Rh4+ Kb5 
1/2-1/2

[Event "34th Chess Olympiad (women)"]
[Site "Istanbul"]
[Date "2000.11.07"]
[Round "10.5.1"]
[White "Danielian, Elina"]
[Black "Mazakova, Petra"]
[WhiteElo "2389"]
[BlackElo "2319"]
[WhiteCountry "ARM"]
[BlackCountry "CZE"]
[Result "1/2-1/2"]

1. d4 Nf6 2. Nf3 g6 3. Bg5 Bg7 4. Nbd2 c5 5. Bxf6 Bxf6 6. Ne4 Qb6 7. Nxf6+ Qxf6 
8. c3 d6 9. e4 cxd4 10. Nxd4 O-O 11. Be2 Nc6 12. O-O Bd7 13. f4 Nxd4 
14. Qxd4 Qxd4+ 
1/2-1/2

[Event "34th Chess Olympiad (women)"]
[Site "Istanbul"]
[Date "2000.11.07"]
[Round "10.5.3"]
[White "Aginian, Nelly"]
[Black "Sikorova, Olga"]
[WhiteElo "2205"]
[BlackElo "2203"]
[WhiteCountry "ARM"]
[BlackCountry "CZE"]
[Result "0-1"]

1. e4 c5 2. Nf3 Nf6 3. e5 Nd5 4. Nc3 e6 5. Ne4 Nc6 6. c4 Nb6 7. b3 d5 
8. exd6 f5 9. Nc3 Bxd6 10. Nb5 O-O 11. d4 cxd4 12. Nbxd4 Nxd4 13. Qxd4 e5 
14. Qc3 Qe7 15. Nd2 Bb4 16. Qc2 e4 17. Be2 f4 18. a3 Bf5 19. Qb2 Bd6 
20. c5 Bxc5 21. Bc4+ Nxc4 22. Nxc4 e3 23. O-O exf2+ 24. Kh1 f3 25. gxf3 Bh3 
26. Bd2 Qe2 
0-1

[Event "34th Chess Olympiad (women)"]
[Site "Istanbul"]
[Date "2000.11.07"]
[Round "10.6.1"]
[White "Moser, Eva"]
[Black "Voiska, Margarita"]
[WhiteElo "2332"]
[BlackElo "2330"]
[WhiteCountry "AUT"]
[BlackCountry "BUL"]
[Result "1-0"]

1. c4 e5 2. Nc3 Nc6 3. g3 f5 4. d3 Nf6 5. Bg2 Bb4 6. e3 Bxc3+ 7. bxc3 d6 8. Nh3
O-O 9. O-O Qe8 10. d4 Kh8 11. c5 d5 12. c4 e4 13. cxd5 Nxd5 14. f3 exf3 15.
Qxf3 Be6 16. Bd2 Rd8 17. Rf2 Nf6 18. Qf4 Ng4 19. Rff1 Nce5 20. Rfd1 Nd3 21.
Qxc7 Bc8 22. Nf4 Rd7 23. Qb8 Nxc5 24. h3 Na6 25. Qxa7 Nxe3 26. Re1 Re7 27. d5
b5 28. Qxe3 (28. Qb6 Nxg2 29. Kxg2 Re4 30. Rab1 b4 31. Bxb4 Nxb4 32. Qxb4 Rxb4
33. Rxe8 Rxe8 34. Rxb4 $16) 28... Rxe3 29. Rxe3 Qd8 30. Rae1 Kg8 31. Bc3 Qb6
32. Kh2 Nc7 33. Bb4 g5 34. Nd3 f4 35. gxf4 gxf4 36. Rf3 Re8 37. Rxe8+ Nxe8 38.
Rxf4 Nf6 39. d6 Qe3 40. Rxf6 Be6 41. Rf3 1-0

[Event "34th Chess Olympiad (women)"]
[Site "Istanbul"]
[Date "2000.11.07"]
[Round "10.6.2"]
[White "Velcheva, Maria"]
[Black "Mira, Helene"]
[WhiteElo "2302"]
[BlackElo "2118"]
[WhiteCountry "BUL"]
[BlackCountry "AUT"]
[Result "1-0"]

1. e4 d6 2. d4 Nf6 3. Nc3 c6 4. f4 Qa5 5. Bd3 e5 6. Nf3 Nbd7 (6... exd4 7. Nxd4
d5 8. exd5 Nxd5 9. Bd2 $14) (6... Bg4 7. fxe5 dxe5 8. dxe5 Nfd7 $11) 7. O-O Be7
(7... exd4 8. Nxd4 Qb6 9. Bc4 Nc5 $11) 8. Kh1 O-O (8... exd4 $5) 9. Qe1 Qc7 (
9... exd4 10. Nxd4 Nc5 $11) 10. Bd2 b5 $6 11. a3 (11. d5 cxd5 $5 12. Nxb5 Qb7
13. exd5 e4 14. Nc3 exf3 15. Qxe7 fxg2+ 16. Kxg2 Re8 $13) 11... a6 12. dxe5
dxe5 13. fxe5 Nxe5 14. Nxe5 (14. Bf4 Bd6 15. Nxe5 Bxe5 $11) 14... Qxe5 15. Bf4
Qh5 (15... Qe6 $5 16. e5 Nd7 17. Qe4 g6 $11) 16. e5 Nd5 17. Nxd5 cxd5 18. Qe3
Bf5 19. Rad1 Rac8 20. Bxf5 Qxf5 21. c3 Qe6 22. Rf3 Rc4 23. Qd2 Rd8 24. Rd3 Qf5
$6 (24... h6 $142 25. Rd4 (25. Bg3 Bg5 26. Rxd5 Rxd5 27. Qxd5 Qxd5 28. Rxd5 Bc1
$19) 25... Bc5 $1 26. Rd3 Re4 27. Bg3 d4 28. Qf2 Rd5 29. Qf3 f5 $11) 25. Bg3 d4
$2 (25... h5 $1 26. Rxd5 Rxd5 27. Qxd5 h4 $15) 26. cxd4 $16 Bg5 27. Qe2 h5 28.
Qf3 (28. b3 $18) 28... Qxf3 29. gxf3 h4 30. f4 hxg3 $6 (30... Be7 $142 $5) 31.
fxg5 gxh2 32. Kxh2 Rc2+ 33. R1d2 Rc1 34. Kg3 Kh7 35. Rc3 Rg1+ 36. Kf4 Rf1+ 37.
Ke4 Re1+ 38. Kf4 Rf1+ (38... Kg6 39. Rc6+) 39. Ke4 Re1+ (39... Kg6 40. Rc6+
Kxg5 41. Rg2+ Kh4 42. Rxg7 $18) 40. Re3 Rg1 41. d5 Rxg5 (41... Kg6 42. d6 Rg4+
43. Kd5 Rxg5 44. Kc6 $16) 42. d6 Rh5 (42... Kg6 43. b3 Re8 44. Rd5 Rg4+ 45. Kf3
Rh4 46. d7 Rd8 47. Kg3 $18) 43. Rc3 Kg8 (43... f6 $142 $1 44. exf6 gxf6 45. Rg2
Kh6 46. Rd3 Rg5 47. Rc2 Kg6 $14) 44. Rc6 $18 Rh4+ 45. Kd5 Rh5 46. Rxa6 f6 47.
Re2 fxe5 48. Rxe5 Rh2 49. b4 Rd2+ 50. Kc5 Kf7 51. Kxb5 Kf6 52. Rc5 R8xd6 53.
Rxd6+ Rxd6 54. a4 g5 55. a5 g4 56. a6 g3 57. a7 1-0

[Event "34th Chess Olympiad (women)"]
[Site "Istanbul"]
[Date "2000.11.07"]
[Round "10.6.3"]
[White "Krasser, Margit"]
[Black "Aleksieva, Silvia"]
[WhiteElo "2061"]
[BlackElo "2351"]
[WhiteCountry "AUT"]
[BlackCountry "BUL"]
[Result "0-1"]

1. d4 Nf6 2. Nf3 c5 3. e3 b6 4. Bd3 Bb7 5. Nbd2 e6 6. O-O Be7 7. Re1 d6 8. c3
cxd4 9. exd4 O-O 10. Ng5 h6 11. Nge4 Nd5 12. Nf3 Nd7 13. Qe2 a6 14. Ng3 Re8 15.
Qe4 N7f6 16. Qh4 Bf8 17. c4 Nb4 18. Bb1 b5 19. a3 Nc6 20. Nh5 Nxh5 21. Qxh5
bxc4 22. Bh7+ Kxh7 23. Ng5+ Kg8 24. Qxf7+ Kh8 25. Qxb7 Qc8 26. Qf7 Re7 27. Qh5
Qe8 28. Qh4 Qg6 (28... d5 $5) 29. Nf3 Rb8 30. Re4 (30. Re2 $142 Rf7 31. Qe4
Qxe4 32. Rxe4 Rf6 33. h4 g6 $15) 30... Rb5 31. Rg4 Qh5 32. Qg3 (32. Qxh5 Rxh5
33. Bd2 Rb5 34. Bc3 $11) 32... Rf7 $15 33. Nh4 Ne7 34. h3 Nf5 35. Nxf5 (35.
Ng6+ Qxg6 36. Rxg6 Nxg3 37. fxg3 e5 $17) 35... exf5 $15 36. Rh4 Qe2 37. Qg6
Rbb7 38. Bf4 (38. g3 Qd1+ 39. Kg2 f4 $17) 38... Rxb2 (38... Qxb2 $19) 39. Bg3
$2 (39. Be3 $11) 39... Qe7 40. Bxd6 $4 (40. d5 c3 $17) 40... Qxh4 41. Be7 Qxe7
0-1

[Event "34th Chess Olympiad (women)"]
[Site "Istanbul"]
[Date "2000.11.07"]
[Round "10.7.1"]
[White "Calzetta, Monica"]
[Black "Botsari, Anna-Maria"]
[WhiteElo "2282"]
[BlackElo "2325"]
[WhiteCountry "ESP"]
[BlackCountry "GRE"]
[Result "0-1"]

1. e4 c5 2. Nf3 Nc6 3. d4 cxd4 4. Nxd4 Qc7 5. Nc3 e6 6. Be2 a6 7. O-O Nf6 
8. Be3 Bb4 9. Na4 Be7 10. Nxc6 bxc6 11. Nb6 Rb8 12. Nxc8 Qxc8 13. Bd4 Nxe4 
14. Bxg7 Rg8 15. Be5 d6 16. Qd3 f5 17. Bh5+ Kf8 18. Bf4 Kg7 19. Rfe1 e5 
20. Rxe4 fxe4 21. Qxe4 Bf6 22. Bg3 Kh8 23. b3 d5 24. Qe2 Qf5 25. h3 e4 
26. Bg4 Qg5 27. Rd1 Be5 28. Bxe5+ Qxe5 29. Qxa6 Rg6 30. Qa7 Rbg8 31. Qd4 Qxd4 
32. Rxd4 h5 33. Bxh5 Rxg2+ 34. Kf1 Rh2 35. c4 Rgg2 36. cxd5 Rxf2+ 37. Kg1 Rfg2+ 
38. Kf1 Rxa2 39. Kg1 Rhg2+ 40. Kf1 Raf2+ 41. Ke1 e3 42. Rg4 Rh2 43. Rg1 Ra2 
0-1

[Event "34th Chess Olympiad (women)"]
[Site "Istanbul"]
[Date "2000.11.07"]
[Round "10.7.2"]
[White "Fakhiridou, Ekaterini"]
[Black "Hernandez, Yudania"]
[WhiteElo "2277"]
[BlackElo "2322"]
[WhiteCountry "GRE"]
[BlackCountry "ESP"]
[Result "0-1"]

1. e4 e5 2. d4 exd4 3. Qxd4 Nc6 4. Qe3 Nf6 5. Nc3 Bb4 6. Bd2 d6 7. O-O-O O-O 
8. Qg3 Kh8 9. f3 Qe8 10. Nge2 Be6 11. Bg5 Ng8 12. Nd5 Ba5 13. h4 Ne5 14. f4 Nc6 
15. h5 h6 16. Bh4 Nb4 17. Qa3 Nc6 18. f5 Bd7 19. Ng3 Qe5 20. Bc4 b5 
21. Bxb5 Rab8 22. Bxc6 Bxc6 23. Qxa5 Qxb2+ 24. Kd2 Bxd5 25. Qxd5 Rb4 
26. Ne2 Nf6 27. Bxf6 Qxf6 28. Ke3 Re8 29. Rd4 Rb2 30. Qc6 Re5 31. g4 Rc5 
32. Qe8+ Kh7 33. c3 Qg5+ 34. Kf3 Rxe2 35. Kxe2 Qxg4+ 36. Kf2 Rxc3 37. Re1 Rf3+ 
38. Ke2 Ra3+ 39. Kd2 Qg2+ 40. Kd1 Rxa2 41. Qc6 Qb2 
0-1

[Event "34th Chess Olympiad (women)"]
[Site "Istanbul"]
[Date "2000.11.07"]
[Round "10.7.3"]
[White "Nieves, Garcia"]
[Black "Kouvatsou, Maria"]
[WhiteElo "2000"]
[BlackElo "2223"]
[WhiteCountry "ESP"]
[BlackCountry "GRE"]
[Result "1-0"]

1. d4 Nf6 2. c4 g6 3. Nc3 Bg7 4. e4 d6 5. Be2 O-O 6. Bg5 h6 7. Be3 c5 
8. dxc5 Qa5 9. Bd2 Qxc5 10. Nf3 Bg4 11. O-O Nc6 12. Be3 Qa5 13. Qd2 Rfc8 
14. b3 Bxf3 15. Bxf3 Ng4 16. Bxg4 Bxc3 17. Qd5 Bxa1 18. Bxc8 Rxc8 19. Qxa5 Nxa5 
20. Rxa1 Nc6 21. Bxh6 Nd4 22. Kf1 f6 23. Rd1 Ne6 24. Be3 Kf7 25. Ke2 g5 
26. h3 a6 27. Kf3 Kg6 28. Rc1 Nc5 29. Bxc5 Rxc5 30. b4 Rc8 31. Ke3 Kf7 
32. Kd4 Ke6 33. Rh1 Rc7 34. a4 Rc8 35. a5 Rg8 36. g3 Rh8 37. h4 Rh5 38. Rh2 Kd7 
39. f4 Kc6 40. f5 Rh8 41. h5 Kd7 42. Kd5 Rh6 43. Rh1 Rh8 44. h6 Rh7 45. Rh2 Kc7 
46. b5 Kd7 47. Rh1 Kc7 48. b6+ Kd7 49. Rh2 Kc8 50. c5 dxc5 51. Kxc5 Kd8 
52. Kd5 Kd7 53. Rh1 Kc8 54. Ke6 Kd8 55. Rh2 Ke8 56. Rc2 Kd8 57. Rc7 Rxh6 
58. Rxe7 Rh3 59. Rg7 Rh8 60. Kxf6 
1-0

[Event "34th Chess Olympiad (women)"]
[Site "Istanbul"]
[Date "2000.11.07"]
[Round "10.8.1"]
[White "Kachiani-Gersinska, Ketino"]
[Black "Skripchenko-Lautier, Almira"]
[WhiteElo "2448"]
[BlackElo "2450"]
[WhiteCountry "GER"]
[BlackCountry "MDA"]
[Result "1/2-1/2"]

1. d4 d5 2. c4 c6 3. cxd5 cxd5 4. Nc3 Nc6 5. Bf4 a6 6. e3 Nf6 7. Nf3 Bf5 
8. Bd3 Bxd3 9. Qxd3 e6 10. O-O Bd6 11. Bxd6 
1/2-1/2

[Event "34th Chess Olympiad (women)"]
[Site "Istanbul"]
[Date "2000.11.07"]
[Round "10.8.2"]
[White "Sheremetieva, Marina"]
[Black "Paehtz, Elisabeth"]
[WhiteElo "2340"]
[BlackElo "2343"]
[WhiteCountry "MDA"]
[BlackCountry "GER"]
[Result "0-1"]

1. e4 c5 2. Nf3 d6 3. Bb5+ Nd7 4. O-O Ngf6 5. Re1 a6 6. Bf1 b6 7. c4 Bb7 
8. Nc3 e6 9. d4 cxd4 10. Nxd4 Be7 11. f3 O-O 12. Be3 Rc8 13. Rc1 Qc7 
14. Qd2 Qb8 15. Kh1 Rfe8 16. Bf2 Bd8 17. b4 Bc7 18. Bg1 Kh8 19. Rb1 Qa8 
20. Na4 Rg8 21. Rec1 g5 22. c5 dxc5 23. bxc5 bxc5 24. Qb2 Rb8 25. Nb3 Be5 
26. Qc2 g4 27. Naxc5 gxf3 28. gxf3 Rbc8 29. Bd3 Nxc5 30. Bxc5 Rgd8 31. Na5 Rxd3 
32. Qxd3 Bxe4 33. fxe4 Nxe4 34. Qf3 Qd5 35. Be3 Rg8 36. Rf1 Qxa2 37. Bf2 Nd2 
38. Qc6 Nxf1 39. Qc5 Ng3+ 40. hxg3 Qxb1+ 41. Kh2 Qf5 42. Nb3 Qg5 43. Kg2 h5 
44. Nd2 Bxg3 45. Qxg5 Rxg5 46. Nf3 Bf4+ 
0-1

[Event "34th Chess Olympiad (women)"]
[Site "Istanbul"]
[Date "2000.11.07"]
[Round "10.8.3"]
[White "Koglin, Anke"]
[Black "Agababean, Naira"]
[WhiteElo "2302"]
[BlackElo "2365"]
[WhiteCountry "GER"]
[BlackCountry "MDA"]
[Result "1/2-1/2"]

1. e4 b6 2. d4 Bb7 3. Bd3 g6 4. Nf3 Bg7 5. O-O e6 6. Re1 d6 7. a4 a6 8. c3 Ne7 
9. Be3 Nd7 10. Qc1 O-O 11. Bh6 Kh8 12. Bxg7+ Kxg7 13. Nbd2 e5 14. Qd1 Ng8 
15. Qb3 Ngf6 16. Rad1 Qe7 17. Qc2 Rfc8 18. Bf1 Re8 19. d5 Nf8 20. b4 a5 
21. Bb5 Reb8 22. Nc4 N8d7 23. Nfd2 Nh5 24. Ne3 Ra7 25. Rb1 Rc8 26. Qb3 Nb8 
27. Red1 Qg5 28. Bf1 Rf8 29. Nec4 axb4 30. cxb4 Bc8 31. a5 bxa5 32. Nxa5 f5 
33. Qe3 Qxe3 34. fxe3 Nf6 35. Rbc1 fxe4 36. Nb1 Bd7 37. Rd2 Ng4 38. Rc3 Rf7 
39. Na3 Be8 40. Bb5 Nf6 41. Bxe8 Nxe8 42. Rd1 Na6 43. Nc6 Ra8 44. Nc4 Nb8 
45. Nd8 Rd7 46. Ne6+ Kg8 47. Na5 Ra7 48. Rf1 Rf7 49. Rxf7 Kxf7 50. Ng5+ Kg7 
51. Nxe4 h6 52. Rc1 Nd7 53. Nc3 Ndf6 54. e4 Ra6 55. h3 Rb6 56. Nc6 Ra6 
57. Na5 Rb6 58. Rb1 Ra6 59. Kf2 Kf7 60. Ke3 Ra8 61. g4 Ke7 62. Kd3 g5 
63. Rc1 h5 64. Rg1 hxg4 65. hxg4 Ng7 66. Nc6+ Kd7 67. Rf1 Rf8 68. Nb5 Nh7 
69. Rh1 Nf6 70. Rf1 Nh7 71. Rh1 Nf6 72. Rf1 Nxe4 73. Kxe4 
1/2-1/2

[Event "34th Chess Olympiad (women)"]
[Site "Istanbul"]
[Date "2000.11.07"]
[Round "10.9.2"]
[White "Khamrakulova, Iroda"]
[Black "Le, Kieu Thien Kim"]
[WhiteElo "2177"]
[BlackElo "2331"]
[WhiteCountry "UZB"]
[BlackCountry "VIE"]
[Result "0-1"]

1. e4 d5 2. exd5 Qxd5 3. Nc3 Qa5 4. d4 Nf6 5. Bc4 c6 6. Nf3 Bg4 7. h3 Bh5 
8. g4 Bg6 9. Ne5 e6 10. Qe2 Nbd7 11. h4 Nxe5 12. dxe5 Ne4 13. Rh3 h5 
14. Re3 Nxc3 15. bxc3 hxg4 16. Qxg4 Bh5 17. Qg3 O-O-O 18. Bd2 Be7 19. Re4 Kb8 
20. Bd3 Bg6 21. Rg4 Qd5 22. Bg5 Bxg5 23. Rxg5 Bxd3 24. cxd3 Qh1+ 25. Qg1 Rxh4 
26. O-O-O Qd5 27. Rxg7 Qxa2 28. Rg8 Rh8 29. Rxh8 Rxh8 30. Qg7 Rh2 31. Qf8+ Kc7 
32. Qe7+ Kb6 33. Qb4+ Ka6 34. Qb2 Rxf2 35. Qxa2+ Rxa2 36. Kb1 Rf2 37. Rh1 Kb5 
38. Rh4 a5 39. Rd4 Kc5 40. Ra4 b6 41. Kc1 Kd5 42. Re4 b5 43. Re3 c5 44. Kb1 b4 
45. cxb4 axb4 46. Kc1 Kd4 47. Rh3 Kxe5 48. Rh4 f5 49. Rc4 Kd5 
0-1

[Event "34th Chess Olympiad (women)"]
[Site "Istanbul"]
[Date "2000.11.07"]
[Round "10.9.3"]
[White "Nguyen, Thi"]
[Black "Levushkina, E"]
[WhiteElo "2281"]
[BlackElo "2103"]
[WhiteCountry "VIE"]
[BlackCountry "UZB"]
[Result "1/2-1/2"]

1. d4 d5 2. Nf3 Nf6 3. c4 dxc4 4. Qa4+ c6 5. Qxc4 Bf5 6. g3 e6 7. Bg2 Be7 
8. O-O O-O 9. Ne5 Nbd7 10. Nxd7 Qxd7 11. Nc3 Rfd8 12. e3 Bg6 13. Rd1 Rac8 
14. Qb3 b5 15. Bd2 a5 16. a4 b4 17. Ne2 Be4 18. Be1 Bxg2 19. Kxg2 Qb7 20. f3 c5 
21. dxc5 Bxc5 22. e4 Qa6 23. Nf4 e5 24. Rxd8+ Rxd8 25. Qc2 exf4 26. Qxc5 fxg3 
27. hxg3 Rc8 28. Qd4 Rc2+ 29. Bf2 h6 30. Re1 Qc6 31. Kg1 Qxa4 32. e5 Nd7 
33. e6 fxe6 34. Rxe6 Rc1+ 35. Be1 Nf6 36. Qd8+ Kh7 37. Qd3+ Kg8 38. Qd8+ Kh7 
39. Qd3+ Kg8 40. Qd8+ Kh7 41. Qd3+ 
1/2-1/2

[Event "34th Chess Olympiad (women)"]
[Site "Istanbul"]
[Date "2000.11.07"]
[Round "10.10.1"]
[White "Hunt, Harriet"]
[Black "Vijayalakshmi, Subbaraman"]
[WhiteElo "2454"]
[BlackElo "2378"]
[WhiteCountry "ENG"]
[BlackCountry "IND"]
[Result "1/2-1/2"]

1. e4 e5 2. Nf3 Nc6 3. Bb5 a6 4. Ba4 Nf6 5. O-O Be7 6. Re1 b5 7. Bb3 d6 
8. c3 O-O 9. h3 Nb8 10. d4 Nbd7 11. Nbd2 Bb7 12. Bc2 Re8 13. Nf1 Bf8 14. Ng3 g6 
15. b3 Bg7 16. d5 Qb8 17. Be3 c6 18. c4 cxd5 19. cxd5 Rc8 20. Rc1 Rc7 
21. Qd2 Qf8 22. b4 Rac8 23. a4 bxa4 24. Bxa4 Rxc1 25. Rxc1 Rxc1+ 26. Qxc1 Qc8 
27. Qxc8+ Bxc8 28. Nd2 Kf8 29. Kf1 Ke7 30. Ke2 Ng8 31. Nc4 Bh6 32. Ba7 Ngf6 
33. Kd3 Ne8 34. Ne2 f5 35. f3 fxe4+ 36. fxe4 Nef6 37. Bc6 Nh5 38. g3 Ng7 
39. g4 Ne8 40. Bf2 Bg7 41. Nc3 h5 42. g5 Bf8 43. Ba7 h4 44. Nd2 Kf7 45. Nf3 Be7 
46. Nd1 Nf8 47. Nf2 Ng7 48. Be3 Nh7 49. Ba4 Nh5 50. Nxh4 Nxg5 51. Bxg5 Bxg5 
52. Ng2 Bd8 53. Bd1 Nf6 54. Ne3 Bd7 55. Be2 Bb6 56. Kd2 a5 57. bxa5 Bxa5+ 
58. Kd3 Bb6 59. Neg4 Nh5 60. Kd2 Nf4 61. Bf1 g5 62. Nd3 Bc8 63. Nxf4 gxf4 
64. Be2 Kg6 65. Ke1 Kg5 66. Kf1 f3 67. Bxf3 Kf4 68. Kg2 Bd8 69. Nh6 Bxh3+ 
70. Kxh3 Kxf3 71. Nf5 Bc7 72. Ng3 Bb6 73. Nf5 Bc5 74. Ng3 Ba3 75. Kh4 Bc1 
76. Kh3 Bf4 77. Nf5 Kxe4 78. Nxd6+ Kxd5 79. Nf5 Ke4 80. Kg4 Kd5 81. Kf3 Bg5 
82. Ng3 Kd4 83. Ne4 Bh4 84. Nd6 Kd3 85. Ne4 Be7 86. Nf2+ Kd4 87. Ne4 Ba3 
88. Nf6 Bc1 89. Ne4 Be3 90. Nd6 
1/2-1/2

[Event "34th Chess Olympiad (women)"]
[Site "Istanbul"]
[Date "2000.11.07"]
[Round "10.10.3"]
[White "Houska, Jovanka"]
[Black "Dhar-Barua, Saheli"]
[WhiteElo "2279"]
[BlackElo "2212"]
[WhiteCountry "ENG"]
[BlackCountry "IND"]
[Result "1-0"]

1. e4 e6 2. d4 d5 3. e5 c5 4. c3 Nc6 5. Nf3 Qb6 6. a3 c4 7. Be2 Bd7 8. Nbd2 Na5 
9. O-O Ne7 10. Rb1 h6 11. Re1 O-O-O 12. Qc2 Kb8 13. b3 cxb3 14. Nxb3 Ba4 
15. Nfd2 Nec6 16. Qa2 Qc7 17. Na1 Ka8 18. Nf1 f6 19. exf6 gxf6 20. Rb4 b5 
21. Rb1 Nc4 22. Ne3 Bd6 23. h3 Rdg8 24. Nac2 Rg6 25. Bf3 N6a5 26. Nxc4 Qxc4 
27. Qxc4 Nxc4 28. Nb4 Bxb4 29. axb4 Bc2 30. Ra1 Bf5 31. Kh2 h5 32. Ra6 h4 
33. Bf4 Rd8 34. g4 hxg3+ 35. fxg3 Rh8 36. h4 Rg7 37. Raxe6 Bxe6 38. Rxe6 Rd8 
39. Rxf6 
1-0

[Event "34th Chess Olympiad (women)"]
[Site "Istanbul"]
[Date "2000.11.07"]
[Round "10.11.1"]
[White "Socko, Monika"]
[Black "Varniene, Rita"]
[WhiteElo "2403"]
[BlackElo "2190"]
[WhiteCountry "POL"]
[BlackCountry "LTU"]
[Result "0-1"]

1. d4 d5 2. Nf3 e6 3. c4 dxc4 4. e3 c5 5. Bxc4 a6 6. O-O Nf6 7. a4 Nc6 
8. b3 cxd4 9. exd4 Be7 10. Bb2 O-O 11. Nbd2 b6 12. Qe2 Bb7 13. Rfe1 Bb4 
14. Red1 Ne7 15. Ne5 Ned5 16. Ndf3 Nf4 17. Qf1 Ne4 18. Nd3 Nxd3 19. Qxd3 Nf6 
20. d5 exd5 21. Ng5 dxc4 22. Qg3 Qe7 23. bxc4 Rfd8 24. Rdb1 a5 25. Nh3 Bd6 
26. Qb3 Qe4 27. f3 Bc5+ 28. Kh1 Qd3 29. Qa2 Ba6 30. Rc1 Be3 31. Rc3 Qe2 
32. Ng1 Bxg1 
0-1